| 000 | 01880nam a2200445Ii 4500 | ||
|---|---|---|---|
| 001 | DIGNOBUK218 | ||
| 003 | NyNyDIG | ||
| 008 | 220731s2009 ag a ob 00 0 spa d | ||
| 006 | m o d | ||
| 007 | cr ||||||||||| | ||
| 035 | _a(OCoLC)908043210 | ||
| 040 |
_aDGITA _beng _erda _epn _cDGITA |
||
| 020 |
_a9781449258108 _qeBook _qpdf |
||
| 020 | _z9789875842298 | ||
| 050 | 1 | 4 | _aHV554.5 ebook |
| 245 | 0 | 0 |
_aArquitectura para la emergencia social y ambiental : _bColoquio / _ccompilado por Jorge Sarquis. |
| 264 | 1 |
_aBuenos Aires, Argentina : _bNobuko, _c[2009] |
|
| 300 |
_a1 online resource : _billustrations. |
||
| 336 |
_atext _btxt _2rdacontent |
||
| 337 |
_acomputer _bc _2rdamedia |
||
| 338 |
_aonline resource _bcr _2rdacarrier |
||
| 347 |
_atext file _2rdaft |
||
| 347 | _bPDF | ||
| 490 | 1 | _aSerie reuniones científicas | |
| 500 | _a"Agencia Nacional de Promoción de las Investigaciones Científicas y Técnicas Reuniones Científicas, 2005". | ||
| 504 | _aIncludes bibliographical references. | ||
| 588 | 0 | _aOnline resource; title from PDF title page (Digitalia, viewed July 31, 2022) | |
| 650 | 0 | _aEmergency housing. | |
| 650 | 0 |
_aDwellings _xEnvironmental aspects. |
|
| 655 | 0 | _aElectronic books. | |
| 700 | 1 |
_aSarquis, Jorge, _econtributor agent of text. |
|
| 710 | 2 |
_aUniversidad de Buenos Aires. _bCentro de Investigaciones Interdisciplinarias sobre Creatividad en Arquitectura. |
|
| 791 | 2 |
_aDigitalia (Firm), _edistributor. |
|
| 793 | 0 |
_gDigitalia eBook Collection: _aEditorial Nobuko. |
|
| 776 | 0 | 8 |
_iPrint version: _tArquitectura para la emergencia social y ambiental. _dBuenos Aires, Argentina : Nobuko, [2009] _z9789875842298 |
| 830 | 0 | _aSerie Reuniones científicas (Buenos Aires, Argentina) | |
| 856 | 4 | 0 |
_3Digitalia Hispánica _uhttps://www.digitaliapublishing.com/a/34259/ |
| 910 | _aPremium collection: 2022 | ||
| 942 | _cRAA | ||
| 999 |
_c242383 _d242383 |
||